Normal view MARC view

Entry Personal Name

Number of records used in: 1

001 - CONTROL NUMBER

  • control field: 84888

003 - CONTROL NUMBER IDENTIFIER

  • control field: dpl

005 - DATE AND TIME OF LATEST TRANSACTION

  • control field: 20250908120914.0

008 - FIXED-LENGTH DATA ELEMENTS

  • fixed length control field: 250908|| aca||aabn | a|a d

040 ## - CATALOGING SOURCE

  • Original cataloging agency: dpl
  • Transcribing agency: dpl

100 ## - HEADING--PERSONAL NAME

  • Personal name: Mangani Parsad Singh

670 ## - SOURCE DATA FOUND

  • Source citation: Work cat.: (dpl)209124: Mangani Parsad Singh, Anglo-American Catalouging Techniques in Library Science, 2024

© Delhi Public Library
Hit Counter
free hit counter